Dowry prohibition act & rules : (Record no. 126017)

MARC details
000 -LEADER
fixed length control field 00944nam a22002537a 4500
005 - DATE AND TIME OF LATEST TRANSACTION
control field 20170124110003.0
010 ## - LIBRARY OF CONGRESS CONTROL NUMBER
LC control number A-459238
020 ## - INTERNATIONAL STANDARD BOOK NUMBER
Terms of availability 185.00
International Standard Book Number 8185470049
035 ## - SYSTEM CONTROL NUMBER
System control number A-459238
037 ## - SOURCE OF ACQUISITION
Source of stock number/acquisition Cen Lib/Ret
040 ## - CATALOGING SOURCE
Original cataloging agency DPL
Language of cataloging EN
082 ## - DEWEY DECIMAL CLASSIFICATION NUMBER
Classification number 346.016
Item number ACH
100 ## - MAIN ENTRY--PERSONAL NAME
Personal name Achar, M. R.
9 (RLIN) 16314
245 ## - TITLE STATEMENT
Title Dowry prohibition act & rules :
Statement of responsibility, etc by M.R. Achar [and] T. Venkanna's
Remainder of title central & states ; with the amendments and a chapter on dowry death, cruelty tto married women and relevant sections of code of criminal procedure, indian penal code and evidence act /
250 ## - EDITION STATEMENT
Edition statement 3rd ed
260 ## - PUBLICATION, DISTRIBUTION, ETC. (IMPRINT)
Place of publication, distribution, etc Allahabad
Name of publisher, distributor, etc The Law Book Company (p) Ltd.
Date of publication, distribution, etc 1990
270 ## - ADDRESS
Address Sardar Patel Marg, Post Box No.1-004
City Allahabad
Postal code 211001
300 ## - PHYSICAL DESCRIPTION
Extent xxx,351p.
Other physical details 21cm(Hb)
500 ## - GENERAL NOTE
General note Includes index
650 ## - SUBJECT ADDED ENTRY--TOPICAL TERM
Topical term or geographic name as entry element Private Law
9 (RLIN) 16315
650 ## - SUBJECT ADDED ENTRY--TOPICAL TERM
Topical term or geographic name as entry element Dowry
9 (RLIN) 15656
700 ## - ADDED ENTRY--PERSONAL NAME
Personal name Venkanna's T
9 (RLIN) 16316
942 ## - ADDED ENTRY ELEMENTS (KOHA)
Source of classification or shelving scheme Dewey Decimal Classification
Koha item type English Books
Classification part 346.016
Call number prefix ACH
Holdings
Withdrawn status Lost status Damaged status Not for loan Home library Current library Date acquired Source of acquisition Cost, normal purchase price Total Checkouts Total Renewals Full call number Barcode Date last seen Date checked out Copy number Cost, replacement price Price effective from Koha item type
        Central Library Central Library 24/06/2015 Cen Lib/Ret 185.00 1 2 346.016 ACH A-459238 22/02/2021 13/01/2021 1 185.00 15/09/2016 English Books

© Delhi Public Library
Hit Counter
free hit counter